00620nam a2200193Ia 4500003000400000005001700004008004100021040000700062041000800069082002100077100003800098245003000136260004500166365001300211906003300224942001200257999001900269952013800288OSt20230518150832.0210423s2001 xx 000 0 und d cAL aeng a423.1 223bKRIC aKIRKPATRICK (Betty),Comp.9108543 aConcise oxford thesaurus. aNew DelhibOxford University Pressc2001 b300cINR aConcise ; oxford ; thesaurus 2ddccBK c172417d172417 001040708MSWaSACPGbSACPGd2002-01-03eEducational Suppliesg300.00l0o423.1 KRICpPG018964r2022-08-24 00:00:00w2021-04-26yBK